000 00577nam a2200217Ia 4500
003 OSt
005 20220927105015.0
006 a|||||r|||| 00| 0
007 ta
008 220926b |||||||| |||| 00| 0 eng d
024 _a152942
037 _cReference Collections
040 _aRTL
_cRTL
_beng
041 _2eng
_aeng
082 _a"Y:71.254.N70, L1"
245 0 _aBudget Orissa 1970-71 Vol. 3 Plan Schemes
260 _c1971
300 _a558p.
_ccm.
942 _h"Y:71.254.N70, L1"
_cCC
999 _c690161
_d690161